Responses for Show #3912 - Tuesday, September 11, 2001

Pre-empted in many markets in its original run for September 11th news coverage. Aired on GSN on 2005-06-21.

Contestants

[<< previous game]

Kevin Laude, a telecommunications consultant from Mission Viejo, California

Nancy Casbeer, a law student originally from Forest City, Arkansas

Ramsey Campbell, a writer from Newport Beach, California (whose 4-day cash winnings total $49,201)

[next game >>]

Jeopardy! Round responses

ART & ARTISTS
U.S. CITY SONGS
WEAPONS OF WAR
LET'S NOT SPREAD 'EM AROUND
GIVE PEAS A CHANCE
GOODWILL TOWARD "MEN"
    $100 6
Lima

Kevin
    $100 11
Chicago

Kevin
    $100 1
a grenade

Ramsey
    $100 21
HIV

Ramsey
    $100 26
Mendel

Ramsey
    $100 16
menthol

Ramsey
    $200 7
(Alex: Famous for the [*] that he drew.)

horses

Triple Stumper
    $200 12
New York

Kevin
    $200 2
bayonets

Ramsey
    $200 22
(Ramsey: What is scarlet fever?)
(Kevin: What is chicken pox?)

measles

RamseyKevin
Triple Stumper
    $200 27
the pod

Ramsey
    $200 17
a mentor

Kevin
    $300 8
Museum of Modern Art

Ramsey
    $300 13
Buffalo

Ramsey
    $300 3
a catapult

Ramsey
    $300 23
hepatitis

Ramsey
    $300 28
a pea coat

Ramsey
    $300 18
Mensa

Kevin
    $400 9
Jackson Pollock

Nancy
    $400 14
New Orleans

Kevin
    $400 4
an M-16

Kevin
    $2,900 24
(Ramsey: What is mad cow disease?)

anthrax

Ramsey
    $400 29
the Owl and the Pussycat

Triple Stumper
    $400 19
a menagerie

Ramsey
    $500 10
Georgia O'Keeffe

Ramsey
    $500 15
(Alex: [Singing] "[*], oh [*]..." No one came up with it.)

Galveston

Triple Stumper
    $500 5
the Harrier

Ramsey
    $500 25
(Alex: Christmas Seals were to help combat [*]. The mummy had signs of [*].)

tuberculosis

Triple Stumper
    $500 30
(Kevin: Um... what are beans?)

chickpeas

NancyKevin
    $500 20
mendelevium

Kevin

Scores at the first commercial break (after clue 15):

Ramsey Nancy Kevin
$2,200 $400 $1,200

Scores at the end of the Jeopardy! Round:

Ramsey Nancy Kevin
$600 $900 $1,500

Double Jeopardy! Round responses

AMERICAN FOLKLORE
MOVIE ROLES
COUNTRIES IN SPANISH
SINGING STYLES
B.C. PEOPLE
REDUNDANCY & REPETITION
    $200 1
Johnny Appleseed

Ramsey
    $200 6
Mike Myers

Ramsey
    $200 16
South Africa

Ramsey
    $200 21
a barbershop

Nancy
    $200 11
(Ramsey: Who is Socrates?)

Aristotle

RamseyNancy
    $200 26
(Kevin: What is con carne?)

pepper

Kevin
Triple Stumper
    $400 2
Kansas

Nancy
    $400 7
Fatal Attraction

Ramsey
    $400 17
(Ramsey: What is England?)

Algeria

Ramsey
Triple Stumper
    $400 22
the throat

Ramsey
    $400 12
Pythagoras

Ramsey
    $400 27
open

Ramsey
    $600 3
Paul Bunyan

Nancy
    $600 8
(Kevin: Uh, what is Flaming Star?)

Love Me Tender

Kevin
Triple Stumper
    $600 18
(Kevin: Uh, what is Libya?)

Lebanon

NancyKevin
    $1,200 23
(Ramsey: What is staccato?)
(Alex: No, that's "fast". But [*] is the word we are going for.)

vibrato

Ramsey
    $600 13
Cleopatra

Kevin
    $600 28
Hospital

Ramsey
    $800 4
(Ramsey: Who's the Flying Dutchman?)

Mike Fink

RamseyKevin
    $800 9
Dead Men Don't Wear Plaid

Ramsey
    $800 19
Sweden

Triple Stumper
    $800 24
Croon

Kevin
    $800 14
Hannibal

Kevin
    $800 29
metric

Nancy
    $1000 5
Pecos Bill

Ramsey
    $1000 10
Frances Farmer

Kevin
    $1000 20
Low Countries (or the Netherlands or Holland)

Triple Stumper
    $1000 25
"Screamin'"

Ramsey
    $1000 15
Herodotus

Nancy
    $300 30
(Alex: Oh, don't you wish you'd bet a lot?)

cease & desist

Nancy

Scores at the end of the Double Jeopardy! Round:

Ramsey Nancy Kevin
$3,600 $5,000 $4,100

[wagering suggestions for these scores]

Final Jeopardy! Round responses

VOLCANOS
(Alex: Ramsey, we might see you in our Tournament of Champions. That's an impressive score, $49,000.)
RamseyWhat is Hawaii?
$1,401
KevinWhat is Hawaii
$4,000
NancyWhat is Washington?
$3,500
Hawaii

Final scores:

Ramsey Nancy Kevin
$5,001 $1,500 $8,100
2nd place 3rd place New champion: $8,100

Game dynamics:

Coryat scores:

Ramsey Nancy Kevin
$7,700 $5,700 $4,100
25 R,
6 W
(including 2 DDs)
10 R
(including 1 DD),
0 W
13 R,
5 W

Combined Coryat: $17,500

[game clues] [game scores] [suggest correction]

Game tape date: 2001-04-24
The J! Archive is created by fans, for fans. Scraping, republication, monetization, and malicious use prohibited; this site may use cookies and collect identifying information. See terms. The Jeopardy! game show and all elements thereof, including but not limited to copyright and trademark thereto, are the property of Jeopardy Productions, Inc. and are protected under law. This website is not affiliated with, sponsored by, or operated by Jeopardy Productions, Inc. Join the discussion at JBoard.tv.